Movies Quiz

Random Movies or Actor Quiz

Actors First Name Movie Match Quiz Stats

 Plays Quiz Updated Aug 23, 2018

Score 0/30 Timer 07:00
0 Plays Today
% Correct
Harry Potter and the Sorcerer's Stone
91.1%
Star Wars
89.4%
La La Land
85.6%
Good Will Hunting
85.2%
Bridget Jones's Diary
85.2%
Mamma Mia!
84.1%
The Devil Wears Prada
83.8%
Iron Man
83.7%
Ghostbusters
82.3%
Wonder Woman
81.9%
The Hunger Games
81.6%
Superbad
80.1%
Inglourious Basterds
79.7%
Batman Begins
78.1%
Guardians of the Galaxy
78.1%
% Correct
Jurassic Park
78%
No Country for Old Men
77.3%
The Greatest Showman
75.8%
How to Lose a Guy in 10 Days
75.4%
Green Lantern
71.8%
Donnie Darko
70.2%
Little Miss Sunshine
70.1%
Now You See Me
67.7%
Kingsman: The Secret Service
67.3%
Arrival
61.9%
Scary Movie
61.1%
Baby Driver
60.9%
X-Men: First Class
58.5%
Ex Machina
53.8%
Kong: Skull Island
48.8%

You're not logged in!

Compare scores with friends on all Sporcle quizzes.
OR
Log In

Sporcle TV

Today on Sporcle TV


Watch our educational content, quiz creation guides, and fun videos on Sporcle TV.

Show Comments

Extras

Top Quizzes Today


Score Distribution

Your Account Isn't Verified!

In order to create a playlist on Sporcle, you need to verify the email address you used during registration. Go to your Sporcle Settings to finish the process.

Report this User

Report this user for behavior that violates our Community Guidelines.

Details: